000 01740nam0a2200313 4500
001 RU\NLR\b_ik\192397
005 20260406011413.0
010 _a978-5-89428-532-0
_9300
035 _a(NLR Aleph) 002264838
090 _a3869466
_c3869466
100 _a20131026d2011 |||y0rusy50 ca
101 1 _aeng
_crus
102 _aRU
105 _aab |||||||||
200 1 _aVasyugan mire
_enatural conditions, structure and functioning
_fL.I. Inisheva, A.A. Zemtsov, S.M. Novikov
_gunder the gen. dir. of Corr. Mem. of the Russ. acad. of agricultural sciences Prof. Dr. L.I. Inisheva
_g[transl. from the Russ. by Dr. B.M. Klenov]
_gRuss. Acad. of agricultural sciences, Min. of education a. science of Russ. Federation, Tomsk state ped. univ.
210 _aTomsk
_cPublishing house of Tomsk state pedagogical university
_d2011
215 _a158 с.
_cил., цв. ил., карт.
_d25
320 _aБиблиогр.: с. 148-157 (147 назв.)
541 0 _aВасюганское болото
_eприродные условия,структура и функционирование
_zrus
607 _aБольшое Васюганское болото (Сибирь Западная)
_92184361
_3RU\NLR\AUTH\661313366
686 1 _aД227.9(2Р53,3)
686 1 _aД829(2Р53,3)
700 1 _4070
_8rus
_7ba
_aIniševa
_bL. I.
_f1947-
_gLidija Ivanovna
_3RU\NLR\AUTH\77116899
_999824
701 1 _4070
_8rus
_7ba
_aZemcov
_bA. A.
_cд-р геогр. наук
_f1920-2001
_gAleksej Anisimovič
_3RU\NLR\AUTH\77116892
_999817
701 1 _4070
_8rus
_7ba
_aNovikov
_bS. M.
_cканд. техн. наук, гидрология
_gSergej Michajlovič
_3RU\NLR\AUTH\77116895
_999820
801 0 _aRU
_bNLR
_c20111110
_gRCR
942 _cBOOK
980 _aNB